American Cities in their Native Languages - Statistics

General Stats
  • This quiz has been taken 10 times
  • The average score is 3 of 10
Answer Stats
Hint Answer % Correct
Tamaha Chito Okalahomʋ Oklahoma City
100%
Altepetl Mexko Mexico City
63%
Tʼóótsʼózí Tucson
38%
ᎩᎵ Raleigh
13%
Caƞkasdate Ḣaḣa Sioux Falls
13%
Lua Pele Volcano
13%
Dalagngakutsilyo Yellowknife
13%
Paugaq Anchorage
0%
Han-ta-shaw Pa Haugh Cedar Rapids
0%
Reystiʼdani Monterrey
0%
No matching quizzes found
Score Distribution
Percent of People with Each Score
Percentile by Number Answered
Your Score History
You have not taken this quiz